02154cam a2200265 a 4500999001500000001000600015003000900021005001700030008004100047020001800088020001500106040009800121050002500219082001900244100002100263245007700284260004700361300004100408504004100449520112800490650008101618650006001699942001201759952011701771 c2436d243619617BD-DhUAP20210130094523.0200224s2011 nyua bc 000 0 eng c a9780870708077 a0870708074 aUKMGBcPULdUKMGBdORUdYDXCPdCDXdZCUdSTFdOCLdOSUdBTCTAdERASAdA7UdVRCdBD-DhUAPbEng00aNA9053.W38bB47 2011 223a711.42 BER1 aBergdoll, Barry.10aRising currents :bprojects for New York's waterfront /cBarry Bergdoll. aNew York :bMuseum of Modern Art, cc2011. a112 pages :billustrations ;c26 cm. aIncludes bibliographical references.8 aIn the fall of 2009, The Museum of Modern Art and MoMA PS1 selected five interdisciplinary teams of architects, engineers and landscape designers to propose solutions to the effects of climate change on New York's waterfront. The resulting proposals, exhibited at MoMA in 2010 in the exhibition Rising Currents: Projects for New York's Waterfront, emphasize "soft" infrastructure interventions that would make New York City and its surrounding areas more ecologically sound and more resilient in responding to rising sea levels and storm surges. These innovative projects include the creation of salt- and freshwater wetlands, a Venice-like aqueous landscape, habitable piers and man-made islands, and a protective reef of living oysters. Published to document the exhibition, Rising Currents: Projects for New York's Waterfront presents these five projects in detail through essays that summarize the innovative workshop and exhibition, the dialogues they engendered with outside experts and political figures involved in regional planning, and the climate change and urban planning implications of the proposed solutions. 0aWaterfrontsxEnvironmental aspectszNew York (State)zNew YorkvExhibitions. 0aCity planningzNew York (State)zNew YorkvExhibitions. 2ddccBK 00102ddc4070aUAPCLbUAPCLcGeneral Stacksd2020-02-24o711.42 BERp3010019617r2020-02-24t1w2020-02-24yBK